Mechanics of Materials (Record no. 564687)

000 -LEADER
fixed length control field 00345nam a2200133Ia 4500
008 - FIXED-LENGTH DATA ELEMENTS--GENERAL INFORMATION
fixed length control field 210430s9999 xx 000 0 und d
020 ## - INTERNATIONAL STANDARD BOOK NUMBER
International Standard Book Number 0-534-38026-3
082 ## - DEWEY DECIMAL CLASSIFICATION NUMBER
Classification number 620.112 P999M
100 ## - MAIN ENTRY--PERSONAL NAME
Personal name Andrew Pytel
9 (RLIN) 13395
245 ## - TITLE STATEMENT
Title Mechanics of Materials
Statement of responsibility, etc. Andrew Pytel
260 ## - PUBLICATION, DISTRIBUTION, ETC.
Place of publication, distribution, etc. Australia
Name of publisher, distributor, etc. Thomson
Date of publication, distribution, etc. 2003
300 ## - PHYSICAL DESCRIPTION
Extent 545p
942 ## - ADDED ENTRY ELEMENTS (KOHA)
Koha item type Book
Source of classification or shelving scheme
Holdings
Withdrawn status Lost status Damaged status Not for loan Collection code Permanent Location Current Location Shelving location Date acquired Total Checkouts Full call number Barcode Date last seen Price effective from Koha item type
          School of Chemical & Materials Engineering (SCME) School of Chemical & Materials Engineering (SCME) General Stacks 02/11/2012   620.112 P999M SCME-3907 04/30/2021 04/30/2021 Book
© 2023 Central Library, National University of Sciences and Technology. All Rights Reserved.